000 00713nam a2200193 a 4500
003 0
005 20250313145750.0
008 080723s19uu xx 00 eng d
050 _aPGS LB 1050.46.M38
_b.G857 2008
100 _aGrigsby, Alexa Kris.
245 _aReading achievement and math perfomance of grade four students /
_cAlexa Kris Grigsby.
260 _aLas PiƱas City, Philippines :
_bSouthville International School and Colleges,
_c2008.
300 _a30 pages :
_billustrations ;
_c28 cm.
504 _aIncludes bibliographical references.
650 _aReading achievement.
650 _aMathematics
_vStudy and teaching (Elementary).
650 _aAcademic achievement.
942 _2lcc
_cPASS
999 _c97896
_d97896